[Event "CUB-ch U18 Girls"]
[Site "Camaguey"]
[Date "2017.06.25"]
[Round "8.9"]
[White "Bosch Valls, Leannet Mariah"]
[Black "Nunez Suarez, Ailiet"]
[Result "1-0"]
[WhiteElo "1870"]
[BlackElo "1810"]
[PlyCount "65"]
[EventDate "2017.06.21"]
[EventType "swiss"]
[EventRounds "9"]
[EventCountry "CUB"]
[SourceTitle "EXT 2023"]
[Source "ChessBase"]
[SourceDate "2022.10.05"]
[SourceVersion "1"]
[SourceVersionDate "2022.10.05"]
[SourceQuality "1"]

1. e4 c5 2. d3 Nc6 3. Nf3 g6 4. g3 Bg7 5. Bg2 e6 6. Nbd2 Nge7 7. 0-0 0-0 8. Re1 d6 9. Nf1 Rb8 10. h4 d5 11. e5 h6 12. Bf4 b5 13. Ne3 Kh7 14. Ng4 Nf5 15. Nf6+ Bxf6 16. exf6 Rb6 17. g4 Nfd4 18. g5 Nxf3+ 19. Bxf3 Re8 20. Be5 Nxe5 21. Rxe5 c4 22. d4 b4 23. Qe1 Bb7 24. Bg2 hxg5 25. hxg5 Rh8 26. f4 a5 27. Re3 Kg8 28. Rh3 Rxh3 29. Bxh3 Qd6 30. Qh4 Bc6 31. Kg2 b3 32. Rh1 Qb4 33. c3 1-0

[Event "Granma Oriental zt (Women)"]
[Site "Granma"]
[Date "2016.11.23"]
[Round "5.6"]
[White "Wert Licea, Mile Del Carmen"]
[Black "Nunez Suarez, Ailiet"]
[Result "1-0"]
[WhiteElo "1898"]
[BlackElo "1874"]
[PlyCount "95"]
[EventDate "2016.11.21"]
[EventType "tourn"]
[EventRounds "11"]
[EventCountry "CUB"]
[SourceTitle "EXT 2023"]
[Source "ChessBase"]
[SourceDate "2022.10.05"]
[SourceVersion "1"]
[SourceVersionDate "2022.10.05"]
[SourceQuality "1"]

1. e4 c5 2. Nf3 e6 3. d4 cxd4 4. Nxd4 a6 5. Bd3 Qc7 6. 0-0 Nf6 7. c4 Be7 8. Nc3 0-0 9. b3 d6 10. Kh1 Nbd7 11. f4 b6 12. Qe1 Bb7 13. Bc2 Rac8 14. Ba3 Rfe8 15. Rd1 Bf8 16. Bb1 d5 17. Bxf8 Nxf8 18. e5 N6d7 19. Rc1 dxc4 20. Ne4 Bxe4 21. Bxe4 Nc5 22. Rxc4 Qd7 23. Bc6 Rxc6 24. Nxc6 Qxc6 25. Qd2 b5 26. Rc2 Qb6 27. Rd1 Ng6 28. Qd4 Rb8 29. Rxc5 Qb7 30. Rd2 h6 31. Rdc2 Qe7 32. Qd6 Rd8 33. Rc8 Rxc8 34. Rxc8+ Kh7 35. Qxe7 Nxe7 36. Rc7 Nd5 37. Rxf7 Kg6 38. Rf8 Nc3 39. Ra8 Kf5 40. Rxa6 Kxf4 41. Rxe6 Nxa2 42. Ra6 Nb4 43. Rb6 Kxe5 44. Rxb5+ Nd5 45. Kg1 Kd4 46. Kf2 Nc3 47. Rb7 g5 48. Kf3 1-0

[Event "Granma Oriental zt (Women)"]
[Site "Granma"]
[Date "2016.11.22"]
[Round "3.5"]
[White "Mosquera Cayon, Danet"]
[Black "Nunez Suarez, Ailiet"]
[Result "1/2-1/2"]
[WhiteElo "2047"]
[BlackElo "1874"]
[PlyCount "88"]
[EventDate "2016.11.21"]
[EventType "tourn"]
[EventRounds "11"]
[EventCountry "CUB"]
[SourceTitle "EXT 2023"]
[Source "ChessBase"]
[SourceDate "2022.10.05"]
[SourceVersion "1"]
[SourceVersionDate "2022.10.05"]
[SourceQuality "1"]

1. e4 e5 2. Nf3 Nf6 3. Nxe5 d6 4. Nf3 Nxe4 5. Qe2 Qe7 6. d3 Nf6 7. Qxe7+ Bxe7 8. Be2 0-0 9. Nc3 Nc6 10. Bf4 Be6 11. 0-0 h6 12. d4 Nd5 13. Nxd5 Bxd5 14. c3 Rfe8 15. Rfe1 Bf6 16. Nd2 Nd8 17. Bf3 Rxe1+ 18. Rxe1 Be6 19. b3 Kf8 20. Ne4 Be7 21. Kf1 d5 22. Ng3 c6 23. h3 Bf6 24. Be5 Bxe5 25. Rxe5 b6 26. Ke2 Nb7 27. Kd3 Re8 28. Kd2 Bd7 29. Rxe8+ Kxe8 30. Be2 Nd6 31. Bd3 Ke7 32. f3 g6 33. Ke3 Kf6 34. Kf2 Nf5 35. Nxf5 Bxf5 36. Bxf5 Kxf5 37. Ke3 f6 38. g3 g5 39. g4+ Ke6 40. Kd3 f5 41. Ke3 fxg4 42. fxg4 Kd6 43. Kd3 a6 44. c4 c5 1/2-1/2